000 00801nab a2200241 u 4500
001 16063
003 HDC
007 cr bn ---aaaaa
008 210220c20111118my dr|noo 0 a eng d
040 _aHDC
245 0 _aMalaysia: HDC Launches 13-episode "Halal World" Programme In NTV7
260 _a[No place] :
_b[publisher not identified],
_c2011
336 _atext
_2rdacontent
337 _acomputer
_2rdamedia
338 _aonline resource
_2rdacarrier
650 _aHalal industry
_9144
650 _aTelevision programme
_916011
710 _aBernama
856 _zRequest full-text at [email protected]
942 _2lcc
942 _cNEWS
942 _kNWSO 005634
999 _c13379
_d13379